Sports Quiz

Random Sports or NHL Quiz

NHL Stanley Cup Runners-Up Quiz Stats

 Plays Quiz Updated May 23, 2018

Score 0/92 Timer 12:00
6 Plays Today
Year Loser % Correct
2019Boston Bruins
81.6%
2018Vegas Golden Knights
79.9%
2013Boston Bruins
75.3%
2009Detroit Red Wings
73.6%
2017Nashville Predators
73.3%
2014New York Rangers
72.3%
2008Pittsburgh Penguins
71.4%
2016San Jose Sharks
70.6%
2011Vancouver Canucks
69.5%
2010Philadelphia Flyers
68.3%
2015Tampa Bay Lightning
65.2%
2012New Jersey Devils
65.1%
2006Edmonton Oilers
61.8%
2004Calgary Flames
61.2%
1994Vancouver Canucks
59.2%
1999Buffalo Sabres
58.9%
2001New Jersey Devils
57.7%
2007Ottawa Senators
57.4%
1995Detroit Red Wings
54.4%
2003Mighty Ducks Of Anaheim
53.8%
1993Los Angeles Kings
53.7%
2000Dallas Stars
53.2%
1996Florida Panthers
51%
1997Philadelphia Flyers
50.9%
1984New York Islanders
50.8%
1983Edmonton Oilers
49%
1992Chicago Blackhawks
48.8%
1991Minnesota North Stars
48.7%
1989Montreal Canadiens
47.9%
1998Washington Capitals
46.7%
1927Boston Bruins
46.5%
Year Loser % Correct
1990Boston Bruins
45.3%
2002Carolina Hurricanes
45.2%
1988Boston Bruins
43%
1986Calgary Flames
42.8%
1987Philadelphia Flyers
42.5%
1967Montreal Canadiens
42.4%
1970St. Louis Blues
41.8%
1985Philadelphia Flyers
41.4%
1974Boston Bruins
40.3%
1961Detroit Red Wings
39.7%
1959Toronto Maple Leafs
39.1%
1957Boston Bruins
39.1%
1963Detroit Red Wings
39.1%
1964Detroit Red Wings
38.9%
1958Boston Bruins
38.8%
1960Toronto Maple Leafs
38.8%
1956Detroit Red Wings
38.7%
1966Detroit Red Wings
38.7%
1962Chicago Black Hawks
38.7%
1969St. Louis Blues
38.6%
1980Philadelphia Flyers
38.6%
1968St. Louis Blues
38.6%
1965Chicago Black Hawks
38.1%
1954Montreal Canadiens
38.1%
1930Boston Bruins
38%
1951Montreal Canadiens
37.8%
1955Montreal Canadiens
37.8%
1947Montreal Canadiens
37.8%
1929New York Rangers
37.7%
1976Philadelphia Flyers
37.3%
1952Montreal Canadiens
37.3%
Year Loser % Correct
1977Boston Bruins
37.2%
1953Boston Bruins
36.8%
1971Chicago Black Hawks
36.7%
1978Boston Bruins
36.6%
1950New York Rangers
36.5%
1948Detroit Red Wings
36.4%
1943Boston Bruins
36.4%
1949Detroit Red Wings
36.3%
1946Boston Bruins
36.3%
1940Toronto Maple Leafs
36.3%
1945Detroit Red Wings
36.1%
1942Detroit Red Wings
36%
1932New York Rangers
36%
1933Toronto Maple Leafs
36%
1972New York Rangers
35.9%
1979New York Rangers
35.8%
1941Detroit Red Wings
35.4%
1938Toronto Maple Leafs
35.4%
1931Chicago Black Hawks
35.4%
1944Chicago Black Hawks
35.2%
1939Toronto Maple Leafs
35.1%
1936Toronto Maple Leafs
35.1%
1935Toronto Maple Leafs
35%
1934Detroit Red Wings
34.9%
1937New York Rangers
34.8%
1973Chicago Black Hawks
34%
1982Vancouver Canucks
33.5%
1928Montreal Maroons
32.9%
1981Minnesota North Stars
31.9%
1975Buffalo Sabres
30.8%

You're not logged in!

Compare scores with friends on all Sporcle quizzes.
OR
Log In

Sporcle TV

Today on Sporcle TV


Watch our educational content, quiz creation guides, and fun videos on Sporcle TV.

Show Comments

Extras

Top Quizzes Today


Score Distribution

Your Account Isn't Verified!

In order to create a playlist on Sporcle, you need to verify the email address you used during registration. Go to your Sporcle Settings to finish the process.

Report this User

Report this user for behavior that violates our Community Guidelines.

Details: